|
|
|
|
| LEADER |
00000cam a22000004a 4500 |
| 001 |
musev2_31348 |
| 003 |
MdBmJHUP |
| 005 |
20230905043319.0 |
| 006 |
m o d |
| 007 |
cr||||||||nn|n |
| 008 |
140619t20142014dcu o 00 0 eng d |
| 020 |
|
|
|a 9781626160682
|
| 020 |
|
|
|z 9781626160675
|
| 020 |
|
|
|z 9781626161399
|
| 035 |
|
|
|a (OCoLC)881570750
|
| 040 |
|
|
|a MdBmJHUP
|c MdBmJHUP
|
| 100 |
1 |
|
|a Echevarria, Antulio J.,
|c II,
|d 1959-
|e author.
|
| 245 |
1 |
0 |
|a Reconsidering the American Way of War :
|b US Military Practice from the Revolution to Afghanistan /
|c Antulio J. Echevarria II.
|
| 264 |
|
1 |
|a Washington, District of Columbia :
|b Georgetown University Press,
|c 2014.
|
| 264 |
|
3 |
|a Baltimore, Md. :
|b Project MUSE,
|c 2014
|
| 264 |
|
4 |
|c ©2014.
|
| 300 |
|
|
|a 1 online resource (232 pages).
|
| 336 |
|
|
|a text
|b txt
|2 rdacontent
|
| 337 |
|
|
|a computer
|b c
|2 rdamedia
|
| 338 |
|
|
|a online resource
|b cr
|2 rdacarrier
|
| 505 |
0 |
|
|a Preludes -- American ways of war: turns in interpretation -- American strategic culture: an elusive fiction -- American military art: a misleading analogy -- American military practice: -- The Revolutionary War to the Mexican War -- The Civil War to the Boxer Rebellion -- The Caribbean Wars to the Korean War -- The Guatemalan Coup to the War on Terrororism -- Conclusions and observations.
|
| 588 |
|
|
|a Description based on print version record.
|
| 650 |
|
7 |
|a Strategy.
|2 fast
|0 (OCoLC)fst01134406
|
| 650 |
|
7 |
|a Strategic culture.
|2 fast
|0 (OCoLC)fst01745709
|
| 650 |
|
7 |
|a Military policy.
|2 fast
|0 (OCoLC)fst01021386
|
| 650 |
|
7 |
|a TECHNOLOGY & ENGINEERING
|x Military Science.
|2 bisacsh
|
| 650 |
|
7 |
|a HISTORY
|x Military
|x Other.
|2 bisacsh
|
| 650 |
|
6 |
|a Strategie.
|
| 650 |
|
6 |
|a Culture strategique
|z États-Unis
|x Histoire.
|
| 650 |
|
0 |
|a Strategy.
|
| 650 |
|
0 |
|a Strategic culture
|z United States
|x History.
|
| 651 |
|
7 |
|a United States.
|2 fast
|0 (OCoLC)fst01204155
|
| 651 |
|
6 |
|a États-Unis
|x Histoire militaire.
|
| 651 |
|
0 |
|a United States
|x History, Military.
|
| 651 |
|
0 |
|a United States
|x Military policy
|v Case studies.
|
| 655 |
|
7 |
|a Military history.
|2 fast
|0 (OCoLC)fst01411630
|
| 655 |
|
7 |
|a History.
|2 fast
|0 (OCoLC)fst01411628
|
| 655 |
|
7 |
|a Case studies.
|2 fast
|0 (OCoLC)fst01423765
|
| 655 |
|
7 |
|a Electronic books.
|2 local
|
| 710 |
2 |
|
|a Project Muse.
|e distributor
|
| 830 |
|
0 |
|a Book collections on Project MUSE.
|
| 856 |
4 |
0 |
|z Texto completo
|u https://projectmuse.uam.elogim.com/book/31348/
|
| 945 |
|
|
|a Project MUSE - Custom Collection
|
| 945 |
|
|
|a Project MUSE - 2014 Political Science and Policy Studies
|
| 945 |
|
|
|a Project MUSE - 2014 Complete
|